Statistics for LOTR 2 Quotes

Click here to take the quiz!

General Stats

  • This quiz has been taken 466 times
  • The average score is 12 of 16

Answer Stats

QuoteCharacter% Correct
Sneaky little hobbitses.Gollum
99%
That there's some good in this world, Mr. Frodo... and it's worth fighting for.Samwise Gamgee
99%
They're taking the Hobbits to Isengard.Legolas
95%
We told him to go away... and away he goes, Precious! Gone, gone, gone! SMEAGOL IS FREE!Smeagol
95%
The battle of Helm's Deep is over; the battle for Middle-earth is about to begin.Gandalf the Grey
92%
Hroom, hm, come, my friends. The Ents are going to war.Treebeard
88%
I know your face... Eowyn.Theoden
87%
I would cut off your head, Dwarf, if it stood but a little higher from the ground.Eomer
74%
What do trees have to talk about, hmm... except the consistency of squirrel droppings?Gimli
71%
We are proud to fight alongside Men once more.Haldir
69%
Three-foot-eight? You did something.Merry
69%
In one thing you haven't changed, my friend - you still speak in riddles.Aragorn
64%
Oh yes, it's a quality establishment. I hear the staff are VERY good.Pippin
59%
Late is the hour in which this conjurer chooses to appear.Grima Wormtongue
48%
War will make corpses of us all.Faramir
29%
Man flesh. They've picked up our trail.Mauhur
22%

Score Distribution

Percentile by Number Answered

Percent of People with Each Score

Your Score History

You have not taken this quiz